Globalizacin̤, reestructuracin̤ industrial y descentralizacin̤ en Mx̌ico

Bibliographic Details
Main Author: Jimňez Godn̕ez, Miguel ℓngel
Format: eBook
Language:Spanish
Published: Ciudad de Mx̌ico: Cm̀ara de Diputados, 2008
Subjects:
Online Access:Acceso restringido

MARC

LEADER 00000nam a22000007a 4500
005 20171121191854.0
007 cr|||| ||||
008 171121s2008 mx |||||s|||| 00||0 spa d
020 |a 978-607-401-006-0 
035 |a 20839 
040 |a vLex 
090 |c 7216  |d 7216 
100 1 |a Jimňez Godn̕ez, Miguel ℓngel 
245 1 0 |a Globalizacin̤, reestructuracin̤ industrial y descentralizacin̤ en Mx̌ico  |h [Recurso electrn̤ico] /  |c Miguel ℓngel Jimňez Godn̕ez  
256 |a Servicio en ln̕ea 
260 |a Ciudad de Mx̌ico:  |b Cm̀ara de Diputados,  |c 2008 
300 |a 1 recurso electrn̤ico 
506 1 |a Disponible solo en los productos indicados  |d vLex Global  |d vLex Global (Academic Edition, excluding Law Schools)  |d vLex Global (U.S. Academic Edition, Law Schools)  |d vLex Global (U.S. Academic Edition, excluding Law Schools)  |d vLex Global (Academic Edition, Law Schools) 
650 0 4 |a Derecho civil  |z Mx̌ico 
650 0 4 |a Derecho mercantil  |z Mx̌ico 
740 0 |a vLex Libros (Servicio en ln̕ea) 
856 4 0 |u http://vlex.com/source/globalizacion-reestructuracion-industrial-y-descentralizacion-en-mexico-20839  |z Acceso restringido 
942 |c BOOK 
999 0 |a Civil law 
999 0 |a Commercial law